02451nam a2200325 i 4500003000900000005001700009007000300026008004100029020001800070040003200088041000800120082002400128100005100152245011600203250002300319264008100342300005500423336002800478337003400506338003000540500006400570500003400634500050400668500004101172504004101213504003601254505068501290651010401975700004602079DO-SdBNP20260519141702.0ta211118b2021 dr ab||| |||| 00| 0 spa d a9789945919714 aDO-SdBNP bspacBNPHU erda aspa 4a972.9304bM433c2221 aMatos González, Ramiro, d1927-eautor4aut.10aCronología militar de la Restauración /cRamiro Matos González ; prólogo, José Miguel Soto Jiménez. aPrimera edición  4aSanto Domingo : bMinisterio de Defensa de República Dominicana, c©2021. a2 volúmenes :bilustraciones y mapas ; c28 cm.  atexto btxt2rdacontent asin mediaciónbn2rdamedia  avolumen bnc2rdacarrier  aIncluye datos biográficos del autor en la contracubierta. aIncluye índice onomástico aCronología anotada de la Guerra de la Restauración Dominicana, un conflicto guerrillero que tuvo lugar entre 1863 y 1865 en la República Dominicana entre nacionalistas y España, que había recolonizado el país 17 años después de su independencia. Finalizó con una victoria dominicana, liderada por el general Gregorio Luperón, y la retirada de las fuerzas españolas del país. Ramiro Matos González (1927) es historiador y general retirado de las Fuerzas Armadas Dominicanas. aVolúmenes 1 y 2 publicados juntos  aBibliografía : v.1. p. 351-352  aBibliografía : v.2. p. 698 0 aDedicatoria, I.-- Agradecimientos, III.-- Prólogo, IV.-- gTOMO I : 1861-1863tAdvertencia, 1.-- Período de la anexión : antecedentes, 4.-- Academia Militar, 4.-- Período de Capotillo, 38.-- Segundo encuentro, 99.-- Tercer encuentro, 100.-- Restauración, 202.-- Bibliografía tomo I : 1861 y 1863 período de la anexión, 351.-- gTOMO II : 1864-1865tMuerte del General Pedro Florentino, 438.-- "Proclama de Gaspar Polanco", 575.-- Prisión del General José Antonio Salcedo, 579.-- Gobernantes dominicanos durante la anexión, hasta el triunfo de los restauradores y salida de las tropas españolas, 697.-- Bibliografía tomo II, 698.-- Índice de mapas, 699. 7aRepública DominicanaxHistoria yGuerra de la Restauración, 1863-1865 xCronología2LIBRUNAM 1 aSoto Jiménez, José Miguel,eprólogo